Filosofía del arte
Saved in:
| Main Author: | |
|---|---|
| Format: | Book |
| Language: | Spanish |
| Published: |
Barcelona
Peninsula
1987
|
| Series: | Historia, ciencia, sociedad, 205
|
| Subjects: | |
| Tags: |
Add Tag
No Tags, Be the first to tag this record!
|
MARC
| LEADER | 00000nam a2200000 a 4500 | ||
|---|---|---|---|
| 001 | UCY5209 | ||
| 003 | CL-VaPUC | ||
| 008 | 950418e19870000SP |||||||||||||||||spa|d | ||
| 082 | 0 | 4 | |a 701 |b BAN |2 21 |
| 100 | 0 | |a Banfi, Antonio |e author |9 333864 | |
| 245 | 1 | 0 | |a Filosofía del arte |
| 300 | |a 440 p | ||
| 942 | |c BK | ||
| 945 | |d 19950418 00:00:00 |a oaravena | ||
| 260 | |a Barcelona |b Peninsula |c 1987 | ||
| 650 | 0 | |a Filosofía del arte |9 264951 | |
| 583 | |a last modification |c 19950418 00:00:00 |k Rodrigo Vera | ||
| 490 | 0 | |a Historia, ciencia, sociedad, 205 | |
| 999 | |c 232913 |d 232911 | ||
| 952 | |0 0 |1 0 |4 0 |6 701_000000000000000_BAN_1987 |7 0 |8 A |9 237905 |a BIBART |b BIBART |d 2019-11-18 |i 307322K |o 701 BAN 1987 |p 307322K |r 2025-03-13 |w 2019-11-18 |y BK |k ART | ||